[Event "DEN-ch U12 rapid"]
[Site "Odense"]
[Date "2022.09.30"]
[Round "7"]
[White "Andresen, Christian Kiilerich"]
[Black "Repey, Egor"]
[Result "0-1"]
[WhiteElo "1304"]
[BlackElo "1542"]
[PlyCount "68"]
[EventDate "2022.09.30"]
[EventType "swiss"]
[EventRounds "7"]
[EventCountry "DEN"]
[SourceTitle "EXT 2024"]
[Source "ChessBase"]
[SourceDate "2023.10.10"]
[SourceVersion "1"]
[SourceVersionDate "2023.10.10"]
[SourceQuality "1"]

1. e4 c5 2. Nf3 d6 3. d4 cxd4 4. Nxd4 Nf6 5. Nc3 a6 6. Be3 e5 7. Nb3 Be6 8. f3 Be7 9. Qd2 Qc7 10. g4 b5 11. h4 Nc6 12. Nd5 Bxd5 13. exd5 Nd8 14. 0-0-0 Nb7 15. h5 Rc8 16. Kb1 Nd7 17. g5 Ndc5 18. Nxc5 Nxc5 19. Bxc5 Qxc5 20. g6 Bg5 21. gxf7+ Kxf7 22. Qg2 Bf6 23. Bd3 e4 24. fxe4 Qb4 25. c3 Rxc3 26. Qd2 Rhc8 27. Rh2 a5 28. Rf2 R3c5 29. Qxb4 axb4 30. a3 bxa3 31. bxa3 Ra8 32. Rc1 Rxa3 33. Rxc5 dxc5 34. Bc2 Ra1# 0-1